000 01020nam a2200325 4500
003 OSt
005 20260601171009.0
008 260508b2010\\\\xxua||||\||||\00|\0\eng\d
020 _a9781592536276
020 _a1592536271
040 _aICI
_bspa
_cICI
041 _aeng
050 1 _aZ246.5.I58
_bB34 2010
100 1 _aBaer, Kim,
_932854
245 1 _aInformation design workbook :
_bgraphic approaches, solutions, and inspiration + 30 case studies /
_cKim Baer.
250 _aReimpresión.
264 _bRockport Publishers,
_c2010.
_aBeverly, Massachusetts :
300 _a239 páginas
_c23cm.
336 _atexto
_2rdacontent
337 _asin medio
_2rdamedia
338 _avolumen
_2rdacarrier
650 _aDiseño de información.
650 _aComunicación visual.
650 _aDiseño gráfico.
_918020
650 _aVisualización de la información.
650 _aPresentación de información.
_932858
650 _aInfografía.
_932859
650 _aDiseño editorial.
942 _2lcc
_cB
_n1
999 _c20436
_d20436